|
|
|
|
| LEADER |
00000nam0a2200000 4500 |
| 001 |
305935 |
| 005 |
20231102001840.0 |
| 020 |
|
|
|a RU
|b 83-44409
|
| 035 |
|
|
|a (RuTPU)RU\TPU\book\331210
|
| 090 |
|
|
|a 305935
|
| 100 |
|
|
|a 20151001d1983 km y0rusy5003 ca
|
| 101 |
0 |
|
|a rus
|
| 102 |
|
|
|a RU
|
| 105 |
|
|
|a y z 001zy
|
| 200 |
1 |
|
|a Экономическая служба предприятия
|f Ф. И. Астапюк, С. А. Максимов, В. И. Бакаев
|g под общ. ред. Ф. И. Астапюка
|
| 210 |
|
|
|a Горький
|c Волго-Вятское кн. изд-во
|d 1983
|
| 215 |
|
|
|a 142 с.
|
| 225 |
1 |
|
|a Экономическая жизнь страны
|
| 320 |
|
|
|a Библиогр.: с. 138-139
|
| 606 |
1 |
|
|a Авиационная промышленность
|2 stltpush
|3 (RuTPU)RU\TPU\subj\124
|9 29155
|
| 610 |
1 |
|
|a экономическая работа
|
| 610 |
1 |
|
|a экономические службы
|
| 610 |
1 |
|
|a авиационные заводы
|
| 610 |
1 |
|
|a экономическая эффективность
|
| 610 |
1 |
|
|a задачи
|
| 610 |
1 |
|
|a плановая работа
|
| 675 |
|
|
|a 629.73.002
|z rus
|v 3
|
| 700 |
|
1 |
|a Астапюк
|b Ф. И.
|g Федор Иванович
|4 070
|
| 701 |
|
1 |
|a Максимов
|b С. А.
|g Сергей Алексеевич
|
| 701 |
|
1 |
|a Бакаев
|b В. И.
|g Василий Иванович
|
| 702 |
|
1 |
|a Астапюк
|b Ф. И.
|g Федор Иванович
|4 070
|
| 801 |
|
0 |
|a RU
|b RuMRKP
|c 19950704
|g psbo
|
| 801 |
|
1 |
|a RU
|b 63413507
|c 20151001
|
| 801 |
|
2 |
|a RU
|b 63413507
|c 20180626
|g RCR
|
| 942 |
|
|
|c BK
|